|
|
|
|
| LEADER |
00865nam a22002417a 4500 |
| 001 |
36307 |
| 003 |
BD-DhAAL |
| 005 |
20211206115933.0 |
| 008 |
200216t2004 ii a|||| |||| 00| 0 eng d |
| 999 |
|
|
|c 42217
|d 42217
|
| 020 |
|
|
|a 8176498831
|
| 040 |
|
|
|a BD-DhAAL
|
| 082 |
|
|
|a 400
|
| 245 |
|
|
|a Ten minutes activities /
|c Martha Cheney... [et al.].
|
| 260 |
|
|
|a New Delhi :
|b Viva Education,
|c 2004
|
| 300 |
|
|
|a 192 pages :
|b illustrations ;
|c 28 cm.
|
| 526 |
|
|
|a BIED
|
| 541 |
|
|
|a Complimentary copy from BIED
|e 36307
|
| 650 |
|
|
|a Language.
|9 39296
|
| 700 |
|
|
|a Cheney, Martha
|9 39295
|
| 852 |
|
|
|a Ayesha Abed Library
|c BIED Collection
|
| 942 |
|
|
|2 ddc
|c BK
|
| 952 |
|
|
|0 0
|1 0
|2 ddc
|4 0
|6 400_000000000000000_TEN
|7 0
|9 67973
|a BRACUL
|b BRACUL
|c GEN
|d 2020-02-16
|e Complimentary copy from BIED
|l 0
|o 400 TEN
|p 3010036307
|r 2020-02-16
|t 1
|w 2020-02-16
|y BK
|x Transferred from BIED to General Stacks
|